KLYSTRONS AND MICROWAVE TRIODES (Record no. 579335)

000 -LEADER
fixed length control field 00275nam a22001097a 4500
082 ## - DEWEY DECIMAL CLASSIFICATION NUMBER
Classification number 621.3813 HAM
100 ## - MAIN ENTRY--PERSONAL NAME
Personal name HAMILTON,DONALD.R:KNIPP,JULLIAN.K
9 (RLIN) 73685
245 ## - TITLE STATEMENT
Title KLYSTRONS AND MICROWAVE TRIODES
260 ## - PUBLICATION, DISTRIBUTION, ETC.
Place of publication, distribution, etc. NEW YORK
Name of publisher, distributor, etc. MCGRAW HILL
Date of publication, distribution, etc. 1948
300 ## - PHYSICAL DESCRIPTION
Extent 531P
942 ## - ADDED ENTRY ELEMENTS (KOHA)
Koha item type Book
Holdings
Withdrawn status Lost status Damaged status Not for loan Permanent Location Current Location Shelving location Date acquired Total Checkouts Full call number Barcode Date last seen Price effective from Koha item type
        College of Electrical & Mechanical Engineering (CEME) College of Electrical & Mechanical Engineering (CEME) General Stacks 04/20/2017   621.3813 HAM CEME-16531 06/28/2021 06/28/2021 Book
© 2023 Central Library, National University of Sciences and Technology. All Rights Reserved.